Midwestern States (From East to West) - Statistics

General Stats
  • This quiz has been taken 38 times
  • The average score is 11 of 12
Answer Stats
Answer % Correct
Ohio
100%
Illinois
97%
Indiana
97%
Michigan
97%
Missouri
97%
Wisconsin
97%
Iowa
94%
Kansas
94%
Minnesota
94%
Nebraska
94%
North Dakota
84%
South Dakota
84%
No matching quizzes found
Score Distribution
Percent of People with Each Score
Percentile by Number Answered
Your Score History
You have not taken this quiz